00544nam a2200181Ia 4500003000900000008004100009020001800050040001600068080002500084245009700109260003500206300001400241650002000255650002100275650002100296700002500317700002000342IN-BaIIA211028s9999 xx 000 0 eng d a0-12-014539-1 cIIA Library a047.1:621.38bAEE-39 0aAdvances in electronics and electron physicsbvol. 39cedited by L. Marton and Claire Marton aNew YorkbAcademic Pressc1975 axi, 398p. a Electronics  a Electrophysics aNASA Thesaurus  aMarton, Claire., ed. aMarton, L., ed.